Profitable menu planning (Record no. 152900)

MARC details
000 -LEADER
fixed length control field 00361nam a2200145Ia 4500
008 - FIXED-LENGTH DATA ELEMENTS--GENERAL INFORMATION
fixed length control field 230917s9999||||xx |||||||||||||| ||und||
040 ## - CATALOGING SOURCE
-- 133073
Original cataloging agency VIVEKANANDA LIBRARY
041 ## - Language
-- English
082 ## - DDC NUMBER
Classification number 642 D849P
100 ## - MAIN ENTRY--PERSONAL NAME
Personal name Drysdale, John A
245 #0 - TITLE STATEMENT
Title Profitable menu planning
260 ## - PUBLICATION, DISTRIBUTION, ETC. (IMPRINT)
Place of publication, distribution, etc New Jersey
Name of publisher, distributor, etc Pearson Prentice-Hall
Date of publication, distribution, etc 2008
300 ## - PHYSICAL DESCRIPTION
Pages 364 p.
942 ## - ADDED ENTRY ELEMENTS (KOHA)
Koha item type Books
Holdings
Withdrawn status Lost status Damaged status Not for loan Location (home branch) Sublocation or collection (holding branch) Shelving location Date acquired Koha issues (times borrowed) Koha full call number Accession No. Koha date last seen Koha item type
        VIVEKANANDA LIBRARY VIVEKANANDA LIBRARY IHTM Library 08/02/2010 1 642 D849P 276794 05/03/2025 Books
© Designed and Maintained by Vivekananda Library, MDU Rohtak